[Event "Villa Ballester op 73rd"]
[Site "Buenos Aires"]
[Date "2024.01.19"]
[Round "1"]
[White "Roldan, Emmanuel"]
[Black "Sanz, Luis"]
[Result "0-1"]
[WhiteElo "1646"]
[BlackElo "2105"]
[PlyCount "50"]
[EventDate "2024.01.19"]
[EventType "swiss"]
[EventRounds "9"]
[EventCountry "ARG"]
[SourceTitle "CB06_2024"]
[SourceDate "2024.02.07"]
[SourceVersion "1"]
[SourceVersionDate "2024.02.07"]
[SourceQuality "1"]

1. e4 e5 2. Nf3 Nc6 3. Bb5 a6 4. Ba4 Nf6 5. 0-0 Be7 6. d3 b5 7. Bb3 d6 8. c3 Na5 9. Bc2 c5 10. d4 Qc7 11. h3 0-0 12. dxe5 dxe5 13. Qe2 Rd8 14. Nh4 g6 15. Nf3 Nh5 16. Rd1 Be6 17. Ng5 Bc4 18. Bd3 Bxd3 19. Rxd3 Rxd3 20. Qxd3 Qd8 21. Qd5 Qxd5 22. exd5 Rd8 23. Nf3 e4 24. Nfd2 Rxd5 25. Na3 Bg5 0-1

[Event "Mar de Ajo op 5th"]
[Site "Mar de Ajo"]
[Date "2023.11.12"]
[Round "5"]
[White "Asprelli, Gaspar"]
[Black "Sanz, Luis"]
[Result "1/2-1/2"]
[WhiteElo "2240"]
[BlackElo "2094"]
[PlyCount "65"]
[EventDate "2023.11.10"]
[EventType "swiss"]
[EventRounds "6"]
[EventCountry "ARG"]
[SourceTitle "CB46_2023"]
[SourceDate "2023.11.15"]
[SourceVersion "1"]
[SourceVersionDate "2023.11.15"]
[SourceQuality "1"]

1. e4 e5 2. Nf3 Nc6 3. Bb5 a6 4. Ba4 Nf6 5. 0-0 Be7 6. Re1 b5 7. Bb3 d6 8. a4 Bd7 9. c3 0-0 10. d4 h6 11. h3 Re8 12. Nbd2 Bf8 13. d5 Ne7 14. c4 c6 15. Bc2 Ng6 16. b3 Nh5 17. Nf1 bxc4 18. bxc4 Nhf4 19. Ng3 cxd5 20. cxd5 Qf6 21. a5 Rec8 22. Ba4 Bxa4 23. Rxa4 Rab8 24. Ba3 Rc3 25. Nf5 Rd3 26. Qc2 Rxf3 27. gxf3 Nh4 28. Kf1 Nxf5 29. exf5 Qg5 30. Rxf4 Qxf4 31. Kg2 Qg5+ 32. Kh2 Qf4+ 33. Kg2 1/2-1/2

[Event "Mar de Ajo op 5th"]
[Site "Mar de Ajo"]
[Date "2023.11.12"]
[Round "6"]
[White "Sanz, Luis"]
[Black "Rodriguez Vila, Andres"]
[Result "0-1"]
[WhiteElo "2094"]
[BlackElo "2405"]
[PlyCount "96"]
[EventDate "2023.11.10"]
[EventType "swiss"]
[EventRounds "6"]
[EventCountry "ARG"]
[SourceTitle "CB46_2023"]
[SourceDate "2023.11.15"]
[SourceVersion "1"]
[SourceVersionDate "2023.11.15"]
[SourceQuality "1"]

1. d4 e6 2. c4 Nf6 3. Nc3 Bb4 4. e3 b6 5. Bd3 Bb7 6. Nf3 Ne4 7. 0-0 Bxc3 8. bxc3 f5 9. Ne1 0-0 10. f3 Nd6 11. Rb1 Qc8 12. c5 bxc5 13. Ba3 cxd4 14. exd4 Nc6 15. Nc2 Rf7 16. Qe2 Ne7 17. c4 Ng6 18. Qd2 Ba6 19. Bxd6 cxd6 20. Rfc1 Qd8 21. Nb4 Bb7 22. Nd5 Bxd5 23. cxd5 Qh4 24. Bf1 e5 25. dxe5 Nxe5 26. f4 Ng4 27. g3 Qd8 28. Qd4 Qa5 29. Rb2 Re7 30. Qd2 Qxd2 31. Rxd2 Rb8 32. Be2 Nf6 33. Bf3 Re3 34. Kf2 Ra3 35. h3 Re8 36. Rb2 Ree3 37. Rb3 Rexb3 38. axb3 Rxb3 39. g4 a5 40. Rc4 Rb4 41. Rxb4 axb4 42. Ke3 b3 43. Kd2 Ne4+ 44. Kc1 Nf2 45. Kb2 Nxh3 46. Kxb3 Nxf4 47. gxf5 Kf7 48. Kc3 Kf6 0-1

[Event "Mar de Ajo op 4th"]
[Site "Mar de Ajo"]
[Date "2022.10.30"]
[Round "5"]
[White "Sanz, Luis"]
[Black "Llanos, Guillermo"]
[Result "1-0"]
[WhiteElo "2135"]
[BlackElo "2295"]
[PlyCount "135"]
[EventDate "2022.10.28"]
[EventType "swiss"]
[EventRounds "6"]
[EventCountry "ARG"]
[SourceTitle "EXT 2024"]
[Source "ChessBase"]
[SourceDate "2023.10.10"]
[SourceVersion "1"]
[SourceVersionDate "2023.10.10"]
[SourceQuality "1"]

1. d4 Nf6 2. c4 e6 3. Nc3 Bb4 4. e3 b6 5. Bd3 Bb7 6. Nf3 0-0 7. 0-0 d5 8. cxd5 exd5 9. a3 Bd6 10. b4 Nbd7 11. Qb3 a6 12. a4 Re8 13. b5 axb5 14. Nxb5 Be7 15. Ba3 c5 16. Bf5 Nf8 17. Rfc1 g6 18. Bh3 c4 19. Bxe7 Rxe7 20. Qb4 Ne4 21. Nd2 Nxd2 22. Qxd2 Bc6 23. Rcb1 Ra5 24. Nc3 Rea7 25. Qb2 R7a6 26. g3 h5 27. Bg2 Ne6 28. h4 Nc7 29. Bf3 Qd6 30. Kg2 Kf8 31. Qb4 Ke7 32. Qxd6+ Kxd6 33. Rb4 Na8 34. e4 dxe4 35. Nxe4+ Bxe4 36. Bxe4 Nc7 37. Rxc4 b5 38. axb5 Rxa1 39. bxa6 Rxa6 40. Bf3 Nd5 41. Rc8 Ne7 42. Rf8 Ke6 43. Rb8 Rd6 44. Rb4 Kf6 45. Be4 Ke6 46. Kf3 Ra6 47. Kf4 f6 48. f3 Rd6 49. g4 Nd5+ 50. Bxd5+ Rxd5 51. Rb6+ Ke7 52. Ke4 Ra5 53. Rb7+ Ke6 54. d5+ Kd6 55. Rb6+ Ke7 56. Rb4 hxg4 57. fxg4 Ra1 58. Rb7+ Kd6 59. Rb6+ Ke7 60. g5 Ra4+ 61. Kd3 fxg5 62. hxg5 Ra7 63. Rxg6 Ra1 64. Kd4 Rd1+ 65. Kc4 Rc1+ 66. Kd4 Rd1+ 67. Kc5 Rc1+ 68. Kb6 1-0

[Event "ARG-ch sf 95th"]
[Site "Buenos Aires"]
[Date "2020.03.01"]
[Round "9"]
[White "Rodriguez, Jorge Luis"]
[Black "Sanz, Luis"]
[Result "1/2-1/2"]
[WhiteElo "2363"]
[BlackElo "2153"]
[PlyCount "30"]
[EventDate "2020.02.22"]
[EventType "swiss"]
[EventRounds "9"]
[EventCountry "ARG"]
[SourceTitle "CBM 195 Extra"]
[Source "ChessBase"]
[SourceDate "2020.05.31"]
[SourceVersion "1"]
[SourceVersionDate "2020.05.31"]
[SourceQuality "1"]

1. c4 e6 2. Nf3 Nf6 3. g3 d5 4. d4 Bb4+ 5. Bd2 Bd6 6. Bg2 c6 7. Qc2 Nbd7 8. 0-0 0-0 9. Nc3 dxc4 10. Rad1 Qe7 11. Nh4 Nb6 12. Ne4 e5 13. dxe5 Bxe5 14. Be3 Nxe4 15. Qxe4 Qe6 1/2-1/2

[Event "ARG-ch sf 95th"]
[Site "Buenos Aires"]
[Date "2020.02.27"]
[Round "6"]
[White "Sanz, Luis"]
[Black "Fell, Sebastian"]
[Result "0-1"]
[WhiteElo "2153"]
[BlackElo "2334"]
[PlyCount "60"]
[EventDate "2020.02.22"]
[EventType "swiss"]
[EventRounds "9"]
[EventCountry "ARG"]
[SourceTitle "CBM 195 Extra"]
[Source "ChessBase"]
[SourceDate "2020.05.31"]
[SourceVersion "1"]
[SourceVersionDate "2020.05.31"]
[SourceQuality "1"]

1. d4 Nf6 2. c4 g6 3. f3 Bg7 4. e4 d6 5. Be3 0-0 6. Nc3 c5 7. Nge2 Nc6 8. Qd2 Qa5 9. 0-0-0 a6 10. Kb1 e6 11. dxc5 dxc5 12. Nc1 Rd8 13. Qe1 Nd7 14. Nb3 Qc7 15. f4 b6 16. e5 Bb7 17. h4 f6 18. h5 fxe5 19. hxg6 hxg6 20. Bd3 Nf8 21. Qh4 Qf7 22. fxe5 Rxd3 23. Rxd3 Qf5 24. Qe4 Qxe4 25. Nxe4 Nxe5 26. Nd6 Nxd3 27. Nxb7 Nxb2 28. Rh4 Nd1 29. Bg1 Nc3+ 30. Kc2 Nxa2 0-1

[Event "Buenos Aires CC Moreno op"]
[Site "Buenos Aires"]
[Date "2019.06.30"]
[Round "7.4"]
[White "Sanz, Luis"]
[Black "Claverie, Raul Ricardo"]
[Result "1/2-1/2"]
[WhiteElo "2158"]
[BlackElo "2495"]
[PlyCount "55"]
[EventDate "2019.06.20"]
[EventType "swiss"]
[EventRounds "7"]
[EventCountry "ARG"]
[SourceTitle "EXT 2022"]
[Source "ChessBase"]
[SourceDate "2021.10.06"]
[SourceVersion "1"]
[SourceVersionDate "2021.10.06"]
[SourceQuality "1"]

1. d4 b6 2. c4 Bb7 3. Nc3 e6 4. a3 d6 5. e4 Nd7 6. Be3 g6 7. Qd2 h5 8. f3 Bh6 9. Nh3 Bxe3 10. Qxe3 e5 11. d5 a5 12. b3 Bc8 13. g3 h4 14. g4 Nc5 15. Rb1 Bd7 16. b4 axb4 17. axb4 Nb7 18. Be2 f5 19. exf5 gxf5 20. Bd3 Qf6 21. gxf5 Bxf5 22. Ne4 Bxe4 23. Bxe4 Ra2 24. Qb3 Ra8 25. Qe3 Ra2 26. Qb3 Ra8 27. Qe3 Ra2 28. Qb3 1/2-1/2

[Event "Buenos Aires CC Moreno op"]
[Site "Buenos Aires"]
[Date "2019.06.23"]
[Round "4.7"]
[White "Sanz, Luis"]
[Black "Descalzo, Pablo"]
[Result "1-0"]
[WhiteElo "2158"]
[BlackElo "1884"]
[PlyCount "49"]
[EventDate "2019.06.20"]
[EventType "swiss"]
[EventRounds "7"]
[EventCountry "ARG"]
[SourceTitle "EXT 2022"]
[Source "ChessBase"]
[SourceDate "2021.10.06"]
[SourceVersion "1"]
[SourceVersionDate "2021.10.06"]
[SourceQuality "1"]

1. d4 f5 2. Nf3 Nf6 3. g3 g6 4. Bg2 Bg7 5. b3 0-0 6. Bb2 d6 7. 0-0 c6 8. c4 e6 9. Nbd2 Re8 10. c5 d5 11. Ne5 Nbd7 12. Nd3 b6 13. cxb6 axb6 14. Qc2 Bb7 15. a4 Rc8 16. b4 Ba6 17. Rfc1 Ne4 18. Nf3 Bc4 19. Nfe5 g5 20. Nxc4 dxc4 21. Qxc4 Ndf6 22. Ne5 Qd5 23. Nxc6 Qxc4 24. Rxc4 Nd2 25. Ne7+ 1-0

[Event "Buenos Aires Szmetan Giardelli op"]
[Site "Buenos Aires"]
[Date "2018.12.07"]
[Round "4"]
[White "Sanz, Luis"]
[Black "Zapata Charles, Santiago"]
[Result "0-1"]
[WhiteElo "2119"]
[BlackElo "2300"]
[PlyCount "52"]
[EventDate "2018.12.04"]
[EventType "swiss"]
[EventRounds "9"]
[EventCountry "ARG"]
[SourceTitle "CBM 187 Extra"]
[Source "ChessBase"]
[SourceDate "2018.11.04"]
[SourceVersion "1"]
[SourceVersionDate "2018.11.04"]
[SourceQuality "1"]

1. d4 Nf6 2. c4 g6 3. Nc3 d5 4. cxd5 Nxd5 5. Bd2 Bg7 6. e4 Nb6 7. Be3 0-0 8. Bb5 Bd7 9. Rc1 Bxb5 10. Nxb5 c6 11. Na3 e5 12. Ne2 Qe7 13. Qc2 exd4 14. Bxd4 Bxd4 15. Nxd4 Rd8 16. Nf3 Qb4+ 17. Kf1 Na6 18. h4 Qe7 19. Re1 Nb4 20. Qb1 Nd3 21. Re3 Ne5 22. Nxe5 Qxe5 23. Rhh3 Rd2 24. Re2 Rad8 25. Rxd2 Rxd2 26. Rc3 Qd4 0-1

[Event "ARG-ch sf 92nd"]
[Site "Buenos Aires"]
[Date "2017.07.15"]
[Round "6"]
[White "Ovejero, Juan Manuel"]
[Black "Sanz, Luis"]
[Result "1-0"]
[WhiteElo "2262"]
[BlackElo "2087"]
[PlyCount "83"]
[EventDate "2017.07.10"]
[EventType "swiss"]
[EventRounds "9"]
[EventCountry "ARG"]
[SourceTitle "EXT 2018"]
[Source "ChessBase"]
[SourceDate "2017.10.13"]
[SourceVersion "1"]
[SourceVersionDate "2017.10.13"]
[SourceQuality "1"]

1. e4 e5 2. Bc4 Nf6 3. d3 c6 4. Nf3 d6 5. h3 Be7 6. 0-0 Nbd7 7. a4 0-0 8. Re1 Qc7 9. Nc3 h6 10. d4 Re8 11. dxe5 dxe5 12. Nh4 Nf8 13. Qf3 Be6 14. Bf1 Ng6 15. Nxg6 fxg6 16. Nd1 Rf8 17. Qc3 Kh7 18. Bc4 Bd7 19. a5 Rae8 20. b4 a6 21. Qb3 Qc8 22. Rb1 Nh5 23. Bf7 Rd8 24. Be3 Bf6 25. Bb6 Rxf7 26. Qxf7 Rf8 27. Qb3 Nf4 28. Re3 g5 29. Rf3 g4 30. hxg4 Bxg4 31. Rxf4 exf4 32. f3 Be6 33. Qd3 Bh4 34. Nb2 Rf7 35. Rd1 Rd7 36. Qe2 Qe8 37. Rxd7 Qxd7 38. Qd3 Qf7 39. Qd4 Bg3 40. Qe5 Qd7 41. Nd3 g6 42. Bd4 1-0

[Event "ARG-ch sf 92nd"]
[Site "Buenos Aires"]
[Date "2017.07.14"]
[Round "5"]
[White "Sanz, Luis"]
[Black "Lo Presti, Roberto"]
[Result "1-0"]
[WhiteElo "2087"]
[BlackElo "1955"]
[PlyCount "77"]
[EventDate "2017.07.10"]
[EventType "swiss"]
[EventRounds "9"]
[EventCountry "ARG"]
[SourceTitle "EXT 2018"]
[Source "ChessBase"]
[SourceDate "2017.10.13"]
[SourceVersion "1"]
[SourceVersionDate "2017.10.13"]
[SourceQuality "1"]

1. d4 e6 2. Nf3 f5 3. g3 Nf6 4. Bg2 d5 5. 0-0 Bd6 6. c4 c6 7. Qc2 0-0 8. Ne5 Nbd7 9. Nd3 Qe7 10. Nd2 Kh8 11. Nf3 Ng4 12. Bg5 Qe8 13. h3 Ngf6 14. b4 Ne4 15. Bf4 Bxf4 16. gxf4 Qh5 17. b5 cxb5 18. cxd5 exd5 19. Qb3 Nb6 20. Qxb5 Bd7 21. Qb4 g5 22. Rfc1 g4 23. hxg4 fxg4 24. Nfe5 g3 25. fxg3 Nxg3 26. Bf3 Qh4 27. Rc7 Bh3 28. Qe7 Nxe2+ 29. Kh2 Qh6 30. Bxe2 Bf1+ 31. Kg1 Bxe2 32. Nf2 Bh5 33. Nfg4 Bxg4 34. Nxg4 Qg6 35. Qe5+ Kg8 36. Kh2 Rae8 37. Re7 Rxe7 38. Qxe7 Qf7 39. Nh6+ 1-0

[Event "ARG-ch sf 92nd"]
[Site "Buenos Aires"]
[Date "2017.07.10"]
[Round "1"]
[White "Sanz, Luis"]
[Black "Sosa, Tomas Sebastian"]
[Result "0-1"]
[WhiteElo "2087"]
[BlackElo "2465"]
[PlyCount "58"]
[EventDate "2017.07.10"]
[EventType "swiss"]
[EventRounds "9"]
[EventCountry "ARG"]
[SourceTitle "EXT 2018"]
[Source "ChessBase"]
[SourceDate "2017.10.13"]
[SourceVersion "1"]
[SourceVersionDate "2017.10.13"]
[SourceQuality "1"]

1. d4 Nf6 2. c4 g6 3. Nc3 d6 4. e4 Nbd7 5. Nf3 e5 6. Bg5 h6 7. Be3 Bg7 8. h3 exd4 9. Bxd4 0-0 10. Bd3 Nc5 11. 0-0 Ne6 12. Be3 Nd7 13. Qd2 Ne5 14. Nxe5 dxe5 15. Rfd1 Kh7 16. Bf1 Nd4 17. b4 Bxh3 18. Nb5 Bg4 19. Re1 c6 20. Na3 a5 21. b5 Qe7 22. c5 Qxc5 23. Nc4 a4 24. bxc6 b5 25. Nb2 Qxc6 26. f3 Be6 27. Rac1 Qd6 28. Nd3 Rfd8 29. Qb4 Bxa2 0-1

[Event "Villa Martelli Rubinstein Memorial"]
[Site "Villa Martelli"]
[Date "2008.08.01"]
[Round "4.8"]
[White "Sanz, Luis"]
[Black "Ferreira, Thiago Alessandro"]
[Result "1/2-1/2"]
[WhiteElo "2013"]
[BlackElo "1928"]
[PlyCount "94"]
[EventDate "2008.07.29"]
[EventType "swiss"]
[EventRounds "9"]
[EventCountry "ARG"]
[SourceTitle "EXT 2024"]
[Source "ChessBase"]
[SourceDate "2023.10.10"]
[SourceVersion "1"]
[SourceVersionDate "2023.10.10"]
[SourceQuality "1"]

1. d4 d5 2. Nf3 Nf6 3. c4 c6 4. cxd5 cxd5 5. Nc3 e6 6. Bg5 Be7 7. e3 0-0 8. Bd3 Nc6 9. 0-0 b6 10. Rc1 Bb7 11. a3 Rc8 12. b4 Bd6 13. Qe2 Bb8 14. Rfd1 Ne7 15. Ne5 Ng6 16. f4 a5 17. bxa5 bxa5 18. Qb2 Bc6 19. Rd2 Bxe5 20. fxe5 h6 21. Rf1 hxg5 22. exf6 gxf6 23. Qc2 Kg7 24. Qd1 Rh8 25. Qf3 f5 26. g4 Nh4 27. Qf2 Bd7 28. Ne2 Qe7 29. gxf5 exf5 30. Ng3 Rce8 31. Bxf5 Bxf5 32. Nxf5+ Nxf5 33. Qxf5 f6 34. Qxd5 Qxe3+ 35. Rdf2 Rh4 36. Qd7+ Re7 37. Qd5 Rxd4 38. Qf3 Qxf3 39. Rxf3 Ra4 40. Rxf6 Rxa3 41. Ra6 Rf7 42. Rd1 Ra2 43. Rd5 Rf6 44. Rxg5+ Kh6 45. Raxa5 Rxa5 46. Rxa5 Rb6 47. Kg2 Rb3 1/2-1/2